000 01405nam a2200217Ia 4500
003 Ost
005 20260507075657.0
008 260507s9999||||xx |||||||||||||| ||und||
040 _cfsecg
041 _aara
082 _a343.620721
100 _aطنطاوي، ممدوح
_eمؤلف
245 0 _aالمناقصات والمزايدات :
_bالقانون واللائحة التنفيذية وأحكام المحاكم /
_c ممدوح طنطاوي
260 _aالاسكندرية:
_bالمكتب الجامعي الحديث,
_c2005
300 _a594 صفحة؛
_bإيضاحات ؛
_c24 سم
520 _aالعقود الادارية، أحكام المسؤولية، مواد الاصدار، طرق التعاقد في مجالات شراء المنقولات ومقاولات الأعمال وتلقي الخدمات والدراسات الاستشارية والأعمال الفنية، شراء واستئجار العقارات، بيع وتأجير العقارات والمنقولات والمشروعات والترخيص بالانتفاع أو باستغلال العقارات بما في ذلك المنشآت السياسية والمقاصف، في الأحكام العامة.
653 _aالمزايدات- قوانين و تشريعات- مصر
653 _aالمزيدات- قوانين و تشريعات- مصر
653 _aالمناقصات
942 _cكتاب
999 _c45733
_d45733